书目信息 |
| 题名: |
微型计算机系统原理及应用 上册(第三版)
|
|
| 作者: | 周明德 著 | |
| 分册: | ||
| 出版信息: | 北京 清华大学出版社 1998.08 |
|
| 页数: | 545页 | |
| 开本: | 16开 | |
| 丛书名: | ||
| 单 册: | ||
| 中图分类: | TP36 | |
| 科图分类: | ||
| 主题词: | 微型计算机 | |
| 电子资源: | ||
| ISBN: | 7-302-03033-2 | |
| 000 | 00607nam0 2200193 45 | |
| 001 | 0006261788 | |
| 005 | 20000626170353.2 | |
| 010 | @a7-302-03033-2@d38.00元 | |
| 100 | @a20000626d1998 km y0chiy0120 ea | |
| 101 | 0 | @achi |
| 105 | @a z 000yy | |
| 200 | 1 | @a微型计算机系统原理及应用 上册(第三版)@AWei Xing Ji Suan Ji Xi Tong Yuan Li Ji Ying Yong Shang Ce(Di San Ban)@f周明德著@FZhou Ming De Zhu |
| 210 | @a北京@c清华大学出版社@d1998.08 | |
| 215 | @a545页@d16开 | |
| 606 | 0 | @a微型计算机 |
| 690 | @aTP36@v3 | |
| 701 | 0 | @a周明德@4著 |
| 801 | @aCN@bPftUser@c20000626 | |
| 905 | @b60289-293@dTP36@eZH142:1@f5 | |
| 微型计算机系统原理及应用 上册(第三版)/周明德著.-北京:清华大学出版社,1998.08 |
| 545页;16开 |
| ISBN 7-302-03033-2:38.00元 |
| ● |
| 相关链接 |
|
|
|
正题名:微型计算机系统原理及应用上册(第三版)
索取号:TP36/ZH142:1
 
预约/预借
| 序号 | 登录号 | 条形码 | 馆藏地/架位号 | 状态 | 备注 |
| 1 | 60289 | 200602892 | 期刊室512/301自科库 56排3列5层/ [索取号:TP36/ZH142:1] | 在馆 | |
| 2 | 60290 | 200602909 | 自科二线504/504自科库 2排3列2层/ [索取号:TP36/ZH142:1] | 在馆 | |
| 3 | 60291 | 200602918 | 自科库301/ [索取号:TP36/ZH142:1] | 在馆 | |
| 4 | 60292 | 200602927 | 自科二线504/504自科库 2排3列2层/ [索取号:TP36/ZH142:1] | 在馆 | |
| 5 | 60293 | 200602936 | 期刊室512/301自科库 87排2列1层/ [索取号:TP36/ZH142:1] | 在馆 |